El jardinero del cielo azul : preparación para la primera comunión

Gespeichert in:
Bibliographische Detailangaben
1. Verfasser: Villardefrancos, Marisa
Weitere Verfasser: Villardefrancos, Gloria
Format: Buch
Sprache:Spanisch
Erschienen: Madrid : Magisterio Español, 1951
Katalog:MANES:  Suchergebnis im Bibliothekskatalog
Schulbuchspezifische Eigenschaften:
Schlagworte:
Tags: Tag hinzufügen
Keine Tags, Fügen Sie den ersten Tag hinzu!
Hinzugefügt zu:12.07.1999
Geändert in:07.05.2025

MARC

LEADER 00000cam a2200000 i 4500
005 20250507134500.0
008 990713s1951 espa 000 0 spa d
040 |a uned  |b spa  |c entro-manes 
100 1 |a Villardefrancos, Marisa  |9 39159 
245 1 3 |a El jardinero del cielo azul :   |b preparación para la primera comunión /   |c Marisa y Gloria Villardefrancos 
260 |a Madrid :   |b Magisterio Español,   |c 1951 
300 |a 113 p. :   |b il. 
546 |a España 
561 |5 es-BUNED  |3 L.T. 3955  |a España. Fondo Manes UNED  |k MANES 
650 7 |a Enseñanza religiosa  |a Sacramentos  |9 36256 
690 0 |a RyM 
691 0 |a PRI 
700 1 |a Villardefrancos, Gloria  |9 39160 
942 |2 ddc  |c BK 
999 |c 95481  |d 95481 
999 |c manes:95481  |d 95481